000 00340nam a22001457a 4500
005 20160430115244.0
008 160430b xxu||||| |||| 00| 0 eng d
041 _aeng
082 _b1050
100 _aPunjab Technical Institute.
_9330
245 _aquantative techniques MBA 104
300 _a273
650 _aManagement
_9241
942 _cBK
999 _c383
_d383